000 00572nam a2200181 i 4500
001 64672
003 ES-MaACL
005 20250828090120.0
007 t|
008 040102s1970 sp ||||1| spa d
245 0 0 _aFormación sacerdotal
_b: normas básicas.
260 _aMadrid :
_bCoculsa,
_c[1970]
300 _a135 p. ;
_c14 cm.
500 _aPrecede al tit.: Sagrada Congregación para la Educación Católica.
710 2 _aIglesia Católica.
_bCongregatio pro Institutione Catholica
_96475
852 _aES-MaACL
_jC-48724
_bR.74039
999 _c64672
_d64672